• 首页
  • 本馆介绍
  • 公告通知
  • 最新文献
  • 馆藏检索
  • 电子资源
  • 读者导购
  • 参考咨询
  • 我的图书馆
  • 登录
  • 详细信息显示
  • 放入我的书架
  • 预约/预借图书
  • 作者相关作品
  • 分类相关作品
  • 丛书相关作品
  • 出版社相关作品

书目信息

  • 表格格式
  • 工作单格式
  • 卡片格式
题名:
别求新声
    
 
作者: 汪介之, 著
分册:  
出版信息: 北京   中央编译出版社  2014.05
页数: 386页, [1] 叶图版
开本: 23cm
丛书名: 比较文学与世界文学名家讲堂
单 册:
中图分类: I206 , I512.06
科图分类:
主题词: 比较文学--bi jiao wen xue--文学研究--中国--俄罗斯
电子资源:
ISBN: 978-7-5117-2170-9
000 01229nam 2200265 450
001 2371698538
005 20231118195641.12
010    @a978-7-5117-2170-9@dCNY68.00
100    @a20140709d2014 em y0chiy50 ea
101 0  @achi
102    @aCN@b110000
105    @aaf z 000yy
200 1  @a别求新声@Abie qiu xin sheng@e汪介之教授讲比较文学及中俄文学交流@f汪介之著
210    @a北京@c中央编译出版社@d2014.05
215    @a386页, [1] 叶图版@c图@d23cm
225 2  @a比较文学与世界文学名家讲堂@Abi jiao wen xue yu shi jie wen xue ming jia jiang tang
330    @a《别求新声》是《比较文学与世界文学名家讲堂》20卷丛书之一。中俄文学与文化交流是一个双向互动的过程, 中国文学与文化对俄罗斯文学与文化在各个历史时期都产生过多方面的影响。在历代俄罗斯知识分子和作家的著述与作品中, 都可以发现中国文化、哲学、艺术乃至宗教与伦理的广泛渗透等内容。
410  0 @12001 @a比较文学与世界文学名家讲堂
517 1  @a汪介之教授讲比较文学及中俄文学交流@Awang jie zhi jiao shou jiang bi jiao wen xue ji zhong e wen xue jiao liu
606 0  @a比较文学@Abi jiao wen xue@x文学研究@y中国@y俄罗斯
690    @aI206@v5
690    @aI512.06@v5
701  0 @a汪介之,@Awang jie zhi@f1952-@4著
801  0 @aCN@b人天书店@c20140709
905    @aBZT@dI206@e10
    
    别求新声:汪介之教授讲比较文学及中俄文学交流/汪介之著.-北京:中央编译出版社,2014.05
    386页, [1] 叶图版:图;23cm.-(比较文学与世界文学名家讲堂)
    
    
    ISBN 978-7-5117-2170-9:CNY68.00
    《别求新声》是《比较文学与世界文学名家讲堂》20卷丛书之一。中俄文学与文化交流是一个双向互动的过程, 中国文学与文化对俄罗斯文学与文化在各个历史时期都产生过多方面的影响。在历代俄罗斯知识分子和作家的著述与作品中, 都可以发现中国文化、哲学、艺术乃至宗教与伦理的广泛渗透等内容。
●
相关链接 在五车中查询图书 在当当中查询图书 在豆瓣中查询图书


正题名:别求新声     索取号:I206/10         预约/预借

序号 登录号 条形码 馆藏地/架位号 状态 备注
1 2001062301   2001062301   东辅楼二楼书库/ [索取号:I206/10] 在馆    
2 2001062302   2001062302   东辅楼二楼书库/ [索取号:I206/10] 在馆    
3 2001062303   2001062303   东辅楼二楼书库/ [索取号:I206/10] 在馆    
4 2001062304   2001062304   东辅楼二楼书库/ [索取号:I206/10] 在馆    
5 2001062305   2001062305   东辅楼二楼书库/ [索取号:I206/10] 在馆    
6 2001062306   2001062306   东辅楼二楼书库/ [索取号:I206/10] 在馆    
7 2001062307   2001062307   东辅楼二楼书库/ [索取号:I206/10] 在馆    
8 2001062308   2001062308   东辅楼二楼书库/ [索取号:I206/10] 在馆    
9 2001062309   2001062309   东辅楼二楼书库/ [索取号:I206/10] 在馆    
10 2001062310   2001062310   东辅楼二楼书库/ [索取号:I206/10] 在馆    
11 2001062311   2001062311   东辅楼二楼书库/ [索取号:I206/10] 在馆    
12 2001062312   2001062312   东辅楼二楼书库/ [索取号:I206/10] 在馆    
13 2001062313   2001062313   东辅楼二楼书库/ [索取号:I206/10] 在馆    
14 2001062314   2001062314   东辅楼二楼书库/ [索取号:I206/10] 在馆    
15 2001062315   2001062315   东辅楼二楼书库/ [索取号:I206/10] 在馆    
16 2001062316   2001062316   东辅楼二楼书库/ [索取号:I206/10] 在馆    
17 2001062317   2001062317   东辅楼二楼书库/ [索取号:I206/10] 在馆    
18 2001062318   2001062318   东辅楼二楼书库/ [索取号:I206/10] 在馆    
19 2001062319   2001062319   东辅楼二楼书库/ [索取号:I206/10] 在馆    
20 2001062320   2001062320   东辅楼二楼书库/ [索取号:I206/10] 在馆    
21 2001062321   2001062321   东辅楼二楼书库/ [索取号:I206/10] 在馆    
22 2001062322   2001062322   东辅楼二楼书库/ [索取号:I206/10] 在馆    
23 2001062323   2001062323   东辅楼二楼书库/ [索取号:I206/10] 在馆    
24 2001062324   2001062324   东辅楼二楼书库/ [索取号:I206/10] 在馆    
25 2001062325   2001062325   东辅楼二楼书库/ [索取号:I206/10] 在馆    
26 2001062326   2001062326   东辅楼二楼书库/ [索取号:I206/10] 在馆    
27 2001062327   2001062327   东辅楼二楼书库/ [索取号:I206/10] 在馆    
28 2001062328   2001062328   东辅楼二楼书库/ [索取号:I206/10] 在馆    
29 2001062329   2001062329   东辅楼二楼书库/ [索取号:I206/10] 在馆    
30 2001062330   2001062330   东辅楼二楼书库/ [索取号:I206/10] 在馆    
山东省滨州职业学院图书馆 欢迎您!
大连网信软件有限公司© 版权所有